000 00496nam a2200157Ia 4500
005 20250424120330.0
008 250424s9999 xx 000 0 und d
022 _aTK 204 .N54/
050 _aThe Nigerian institution of electrical and electronics engineers [NIEEE]
245 0 _aJos
260 _aSociety of engineers
260 _b2016
260 _c179 P. :ill. ; 29 cm.
300 _aProceedings of the international conference and exhibition on power and telecommunication
650 _aSR
999 _c38714
_d38714